| 000 | 00356nam a2200133Ia 4500 | ||
|---|---|---|---|
| 008 | 240624s9999 xx 000 0 und d | ||
| 041 | _aeng | ||
| 082 | _a658.45 MUK | ||
| 100 | _aMUKERJEE HORY SANKAR | ||
| 245 | _aBUSINESS COMMUNICATION CONNECTING AT WOR | ||
| 260 |
_c2015 _aNew Delhi _bOxford |
||
| 300 | _axxvi, : 665 : p. : cm. ; 26 | ||
| 365 |
_cRS _b31 |
||
| 999 |
_c24992 _d24992 |
||